LEADER 02121nas 2200673-a 450 001 996215986703316 005 20230518213020.0 011 $a1572-9737 035 $a(DE-599)ZDB2015081-7 035 $a(OCoLC)45191300 035 $a(CKB)110974993510299 035 $a(CONSER)--2004233376 035 $a(EXLCZ)99110974993510299 100 $a20001018a20009999 s-- a 101 0 $aeng 135 $aurmnu|||||||| 181 $ctxt$2rdacontent 182 $cc$2rdamedia 183 $acr$2rdacarrier 200 10$aConservation genetics 210 $a[Dordrecht] $cKluwer Academic Publishers$dİ2000- 210 3 $a[Dordrecht] $cSpringer Netherlands 300 $aRefereed/Peer-reviewed 300 $aTitle from contents screen (publisher's Web site, viewed Mar. 4, 2004). 311 $a1566-0621 531 $aCONSERV GENET 531 $aCONSERV. GENET 606 $aConservation biology$vPeriodicals 606 $aEcological genetics$vPeriodicals 606 $aBiodiversity$vPeriodicals 606 $aPopulation genetics$vPeriodicals 606 $aNature conservation$vPeriodicals 606 $aBiodiversity$2fast$3(OCoLC)fst01429860 606 $aConservation biology$2fast$3(OCoLC)fst00875490 606 $aEcological genetics$2fast$3(OCoLC)fst00901452 606 $aNature conservation$2fast$3(OCoLC)fst01034632 606 $aPopulation genetics$2fast$3(OCoLC)fst01071583 606 $aGenetica$2gtt 606 $aBedreigde soorten$2gtt 608 $aPeriodicals.$2fast 608 $aPeriodicals.$2lcgft 610 $aEcology 615 0$aConservation biology 615 0$aEcological genetics 615 0$aBiodiversity 615 0$aPopulation genetics 615 0$aNature conservation 615 7$aBiodiversity. 615 7$aConservation biology. 615 7$aEcological genetics. 615 7$aNature conservation. 615 7$aPopulation genetics. 615 17$aGenetica. 615 17$aBedreigde soorten. 676 $a639.9 906 $aJOURNAL 912 $a996215986703316 996 $aConservation genetics$91428618 997 $aUNISA